<?xml version="1.0" encoding="UTF-8"?>
<record
    xmlns:xsi="http://www.w3.org/2001/XMLSchema-instance"
    xsi:schemaLocation="http://www.loc.gov/MARC21/slim http://www.loc.gov/standards/marcxml/schema/MARC21slim.xsd"
    xmlns="http://www.loc.gov/MARC21/slim">

  <leader>00447nam a2200133Ia 4500</leader>
  <controlfield tag="008">191206s9999    xx            000 0 und d</controlfield>
  <datafield tag="090" ind1=" " ind2=" ">
    <subfield code="a">PR3545135A65</subfield>
  </datafield>
  <datafield tag="245" ind1=" " ind2="0">
    <subfield code="a">Three comedies</subfield>
  </datafield>
  <datafield tag="260" ind1=" " ind2=" ">
    <subfield code="a">The National alumni</subfield>
  </datafield>
  <datafield tag="260" ind1=" " ind2=" ">
    <subfield code="b">"The literature of Italy, 1265-1907"</subfield>
  </datafield>
  <datafield tag="260" ind1=" " ind2=" ">
    <subfield code="c">c[c1907]</subfield>
  </datafield>
  <datafield tag="300" ind1=" " ind2=" ">
    <subfield code="a">"xi, 372 p. col. front. (port.) 3 pl. 24 cm."</subfield>
  </datafield>
  <datafield tag="999" ind1=" " ind2=" ">
    <subfield code="c">17186</subfield>
    <subfield code="d">17186</subfield>
  </datafield>
  <datafield tag="952" ind1=" " ind2=" ">
    <subfield code="0">0</subfield>
    <subfield code="1">0</subfield>
    <subfield code="2">lcc</subfield>
    <subfield code="4">0</subfield>
    <subfield code="7">0</subfield>
    <subfield code="a">Byo</subfield>
    <subfield code="b">Byo</subfield>
    <subfield code="d">2019-12-06</subfield>
    <subfield code="i">CUB00227</subfield>
    <subfield code="l">0</subfield>
    <subfield code="o">PR3545135A65</subfield>
    <subfield code="p">BBK001858</subfield>
    <subfield code="r">2019-12-06</subfield>
    <subfield code="w">2019-12-06</subfield>
    <subfield code="y">OS</subfield>
  </datafield>
</record>
